=LDR 00000nam 2200000 4500 =001 NUTBA000000000002646 =005 20210506010922 =035 ##$$a 0010-061400000000589 =008 210506################g##########0#ind## =020 ##$$a 979-731-760-9 =040 ##$$a NBPDMAT =082 ##$$a 338.826 =090 ##$$a 338.826 $b Rob a =100 ##$$a Robert J. Kodoatie =245 1#$$a Analisis ekonomi teknik /$c Robert J.Kodoatie =250 ##$$a Cet. 2 =260 ##$$a Yogyakarta :$b Andi,$c 2011 =300 ##$$a xiv, 194 hlm. ; $c 22 x 15 cm. =650 #4$$a Ekonomi Teknik =850 ##$$a NBPDMAT =084 ##$$a 338.826 ROB a =990 ##$$a 96.325/Pro-96 =990 ##$$a 116.455/Pro-97 =990 ##$$a 116.456/Pro-97 =990 ##$$a 21403907 =990 ##$$a 21403908 =990 ##$$a 21403909 =990 ##$$a 21403910 =990 ##$$a 21403911 =990 ##$$a 21413677 =990 ##$$a 21413678 =990 ##$$a 21413679 =990 ##$$a 21413680 =990 ##$$a 21413681 =990 ##$$a 20601148 =990 ##$$a 92.062/pro-95 =990 ##$$a 20902709 =990 ##$$a 21403907 =990 ##$$a 96.325/Pro-96 =990 ##$$a 116.455/Pro-97 =990 ##$$a 116.456/Pro-97 =990 ##$$a 21403908 =990 ##$$a 21403909 =990 ##$$a 21403910 =990 ##$$a 21403911 =990 ##$$a 21413677 =990 ##$$a 21413678 =990 ##$$a 21413679 =990 ##$$a 21413680 =990 ##$$a 21413681 =990 ##$$a 20601148 =990 ##$$a 92.062/pro-95 =990 ##$$a 20902709 =990 ##$$a 20601148 =990 ##$$a 96.325/Pro-96 =990 ##$$a 116.455/Pro-97 =990 ##$$a 116.456/Pro-97 =990 ##$$a 21403907 =990 ##$$a 21403908 =990 ##$$a 21403909 =990 ##$$a 21403910 =990 ##$$a 21403911 =990 ##$$a 21413677 =990 ##$$a 21413678 =990 ##$$a 21413679 =990 ##$$a 21413680 =990 ##$$a 21413681 =990 ##$$a 92.062/pro-95 =990 ##$$a 20902709